| 000 | 00567nam a2200217 a 4500 | ||
|---|---|---|---|
| 001 | 1329 | ||
| 003 | CDMR | ||
| 005 | 20131129131515.0 | ||
| 008 | 130130s1985||||||||||||||||||||||||||||d | ||
| 020 | _a8475093310 | ||
| 040 |
_aCDMR _bcat _cCDMR |
||
| 100 | 1 |
_aMorris, Charles _91033 |
|
| 245 | 1 | 0 |
_aFundamentos de la teoría de los signos _cCharles Morris |
| 260 |
_aBarcelona _c1985 _bPaidós |
||
| 300 | _a122 p. | ||
| 490 | 0 |
_aPaidós Comunicación _v14 |
|
| 650 | 0 | 4 |
_91282 _aSemiòtica |
| 650 | 0 | 4 |
_94409 _aSemàntica |
| 650 | 0 | 4 |
_94376 _aSímbols |
| 942 |
_cMON _2udc |
||
| 999 |
_c1329 _d1329 |
||